[Event "Catalunya-chT Gp2"]
[Site "Barcelona"]
[Date "2024.03.02"]
[Round "7.7"]
[White "Boix Redorta, Roc"]
[Black "Rovira Vila, Jaume"]
[Result "1/2-1/2"]
[WhiteElo "1925"]
[BlackElo "2074"]
[PlyCount "141"]
[EventDate "2024.01.20"]
[EventType "team-tourn"]
[EventRounds "7"]
[EventCountry "ESP"]
[SourceTitle "CB11_2024"]
[SourceDate "2024.03.13"]
[SourceVersion "1"]
[SourceVersionDate "2024.03.13"]
[SourceQuality "1"]
[WhiteTeam "Llinars"]
[BlackTeam "Barcelona Escacs CC"]
[WhiteTeamCountry "ESP"]
[BlackTeamCountry "ESP"]

1. e4 c5 2. Nf3 d6 3. d4 cxd4 4. Nxd4 Nf6 5. Nc3 Nc6 6. Bc4 Qb6 7. Nxc6 bxc6 8. 0-0 g6 9. h3 Bg7 10. Qd3 Nd7 11. Be3 Ne5 12. Qe2 Qa5 13. f4 Nxc4 14. Qxc4 Qa6 15. Qd3 0-0 16. Rfd1 Rb8 17. Rab1 Qxd3 18. cxd3 Rb7 19. d4 Bd7 20. b3 Rfb8 21. Rbc1 a6 22. e5 Bf8 23. Kh2 f6 24. g4 dxe5 25. dxe5 fxe5 26. fxe5 Bg7 27. Bf4 Rf8 28. Bg3 Be6 29. Ne4 Bd5 30. Nc5 Ra7 31. Rf1 Rxf1 32. Rxf1 a5 33. Re1 h6 34. h4 Ra8 35. Bf4 Rb8 36. Kg3 Rb5 37. Na4 Be6 38. g5 hxg5 39. hxg5 Bf5 40. Nc3 Rc5 41. Re3 Kf7 42. Ne2 Rd5 43. Kf3 c5 44. Bg3 Rd3 45. Rxd3 Bxd3 46. e6+ Ke8 47. Nf4 Bb1 48. a4 Bc2 49. Be1 Bxb3 50. Bxa5 Bxa4 51. Nxg6 Bb3 52. Nf4 Be5 53. Nd3 Bd5+ 54. Ke2 Bd6 55. Ke3 Bxe6 56. Bc3 Bf5 57. Nf4 Kf7 58. Nd5 Kg6 59. Nb6 Be6 60. Ke4 Kxg5 61. Bd2+ Kg4 62. Be3 Kg3 63. Na4 c4 64. Nc3 Bf7 65. Bd4 Bg6+ 66. Kd5 Bf7+ 67. Ke4 Bg6+ 68. Kd5 Bd3 69. Nd1 Bf4 70. Nb2 Kf3 71. Nxc4 1/2-1/2

[Event "Catalunya-chT Gp2"]
[Site "Barcelona"]
[Date "2024.02.24"]
[Round "6.8"]
[White "Travesset Sagre, Jan"]
[Black "Rovira Vila, Jaume"]
[Result "1/2-1/2"]
[WhiteElo "2193"]
[BlackElo "2074"]
[PlyCount "61"]
[EventDate "2024.01.20"]
[EventType "team-tourn"]
[EventRounds "7"]
[EventCountry "ESP"]
[SourceTitle "CB11_2024"]
[SourceDate "2024.03.13"]
[SourceVersion "1"]
[SourceVersionDate "2024.03.13"]
[SourceQuality "1"]
[WhiteTeam "Sant Andreu"]
[BlackTeam "Barcelona Escacs CC"]
[WhiteTeamCountry "ESP"]
[BlackTeamCountry "ESP"]

1. d4 d5 2. c4 e6 3. Nf3 c6 4. Nbd2 f5 5. g3 Nd7 6. Bg2 Nh6 7. 0-0 Nf7 8. b3 g5 9. Qc2 h5 10. Bb2 Bd6 11. cxd5 cxd5 12. Rac1 Nf6 13. Ne5 h4 14. Nxf7 Kxf7 15. Nf3 hxg3 16. hxg3 g4 17. Ne5+ Kg7 18. Qd2 Nh7 19. f3 gxf3 20. exf3 Ng5 21. f4 Nh7 22. Bf3 Nf6 23. Kg2 Bd7 24. Rh1 Qe7 25. Rxh8 Rxh8 26. Rh1 Be8 27. Rxh8 Kxh8 28. Qe2 Qg7 29. Qc2 Qc7 30. Qxc7 Bxc7 31. Ba3 1/2-1/2

[Event "Barcelona La Lira op 14th"]
[Site "Barcelona"]
[Date "2023.06.01"]
[Round "7"]
[White "Rovira Vila, Jaume"]
[Black "Serrahima Susany, Ramon"]
[Result "1-0"]
[WhiteElo "2072"]
[BlackElo "2183"]
[PlyCount "181"]
[EventDate "2023.04.20"]
[EventType "swiss"]
[EventRounds "9"]
[EventCountry "ESP"]
[SourceTitle "EXT 2024"]
[Source "ChessBase"]
[SourceDate "2023.10.10"]
[SourceVersion "1"]
[SourceVersionDate "2023.10.10"]
[SourceQuality "1"]

1. Nf3 d5 2. b3 Nf6 3. Bb2 c5 4. e3 Nc6 5. Bb5 Bg4 6. h3 Bxf3 7. Qxf3 Rc8 8. 0-0 e6 9. d3 Be7 10. c4 0-0 11. Bxc6 Rxc6 12. Nc3 Re8 13. Rfd1 d4 14. exd4 cxd4 15. Nb5 Bc5 16. b4 Bxb4 17. Nxa7 Rb6 18. Nb5 e5 19. a3 Bc5 20. Re1 h6 21. Rad1 Nh7 22. Bc1 Qd7 23. Qh5 Rbe6 24. f3 Qc6 25. Kh1 Nf6 26. Qh4 Be7 27. Qf2 Bc5 28. Qh4 Nd7 29. Re2 Rg6 30. Rde1 f5 31. Bf4 Rge6 32. Bh2 Bb6 33. Qh5 f4 34. Qh4 Nc5 35. Rd1 Na4 36. Qe1 Nc3 37. Nxc3 Ba5 38. Rb1 Bxc3 39. Qd1 Ra8 40. Qb3 b6 41. Bg1 Qd6 42. Ra2 Kh7 43. Bf2 Qe7 44. Be1 Bxe1 45. Rxe1 Qh4 46. Ree2 Rae8 47. Qd1 Rg6 48. Qe1 Rg3 49. Ra1 Qg5 50. Rb1 Re6 51. Rb5 Qf5 52. Rbxe5 Rxh3+ 53. Kg1 Rxe5 54. Rxe5 Qg6 55. Qe4 Rg3 56. Qxg6+ Rxg6 57. Rd5 Re6 58. Kf2 Re7 59. Rxd4 Ra7 60. Rxf4 Rxa3 61. Ke3 Kg6 62. Rd4 Rb3 63. Rd6+ Kf7 64. g4 Ke7 65. Rc6 Rb2 66. d4 Rb1 67. d5 Re1+ 68. Kd4 Rd1+ 69. Ke4 Re1+ 70. Kf5 Rf1 71. Ke4 Re1+ 72. Kd3 Rc1 73. f4 Rd1+ 74. Ke4 Re1+ 75. Kf5 Rf1 76. Rxb6 g5 77. Re6+ Kd7 78. Rxh6 Rxf4+ 79. Kxg5 Rxc4 80. Rf6 Rd4 81. d6 Rd1 82. Kg6 Rg1 83. g5 Rg2 84. Kh6 Rh2+ 85. Kg7 Rg2 86. g6 Ke8 87. Kh7 Rh2+ 88. Kg8 Rh6 89. Rf8+ Kd7 90. Rf7+ Kxd6 91. g7 1-0

[Event "Catalunya-chT Gp1"]
[Site "Barcelona"]
[Date "2019.01.26"]
[Round "2.8"]
[White "Rovira Vila, Jaume"]
[Black "Llaneza Vega, Patricia"]
[Result "1/2-1/2"]
[WhiteElo "2074"]
[BlackElo "2139"]
[PlyCount "87"]
[EventDate "2019.01.19"]
[EventType "team-tourn"]
[EventRounds "7"]
[EventCountry "ESP"]
[SourceTitle "CBM 188 Extra"]
[Source "ChessBase"]
[SourceDate "2019.02.26"]
[SourceVersion "1"]
[SourceVersionDate "2019.02.26"]
[SourceQuality "1"]
[WhiteTeam "Gerunda"]
[BlackTeam "Foment Martinenc"]
[WhiteTeamCountry "ESP"]
[BlackTeamCountry "ESP"]

1. e4 d5 2. exd5 Qxd5 3. Nc3 Qa5 4. d4 Nf6 5. a3 e5 6. Nf3 exd4 7. Nxd4 Bg4 8. Be2 Qe5 9. Be3 Bxe2 10. Qxe2 Nc6 11. Nxc6 bxc6 12. Qc4 Qe6 13. Qxe6+ fxe6 14. 0-0-0 Bd6 15. f3 0-0 16. Kb1 Nd5 17. Bd2 Rab8 18. Ka2 Bf4 19. Bxf4 Nxc3+ 20. bxc3 Rxf4 21. Rb1 Rb5 22. Rhd1 Rd5 23. Rd3 Rc4 24. Rb8+ Kf7 25. Kb3 Rh4 26. h3 Ke7 27. Rb4 Rxb4+ 28. cxb4 Re5 29. Rd2 Re3+ 30. c3 a6 31. Kc4 Re5 32. a4 g5 33. a5 h5 34. Kd4 Rd5+ 35. Ke3 Rb5 36. Kd3 c5 37. Kc4 cxb4 38. cxb4 Re5 39. Rb2 Kd6 40. Rd2+ Ke7 41. Rc2 Kd6 42. Kd4 Rd5+ 43. Ke4 Re5+ 44. Kd4 1/2-1/2

[Event "Barcelona Christmas FM"]
[Site "Barcelona"]
[Date "2018.12.28"]
[Round "2.2"]
[White "Fernandez Aguilar, Francisco"]
[Black "Rovira Vila, Jaume"]
[Result "1/2-1/2"]
[WhiteElo "2102"]
[BlackElo "2074"]
[PlyCount "32"]
[EventDate "2018.12.27"]
[EventType "swiss"]
[EventRounds "9"]
[EventCountry "ESP"]
[SourceTitle "EXT 2024"]
[Source "ChessBase"]
[SourceDate "2023.10.10"]
[SourceVersion "1"]
[SourceVersionDate "2023.10.10"]
[SourceQuality "1"]

1. Nf3 c5 2. g3 d5 3. Bg2 Nf6 4. 0-0 e6 5. c4 Be7 6. cxd5 Nxd5 7. d4 cxd4 8. Nxd4 0-0 9. Nc3 Nxc3 10. bxc3 Qc7 11. Qb3 Nd7 12. Rb1 Nc5 13. Qc2 a6 14. Ba3 Ra7 15. Rfd1 g6 16. f4 Bd7 1/2-1/2

[Event "Girona Gerunda Cup 2nd"]
[Site "Girona"]
[Date "2018.11.06"]
[Round "7"]
[White "Rovira Vila, Jaume"]
[Black "Parramon Ros, Francesco"]
[Result "1-0"]
[WhiteElo "2204"]
[BlackElo "2232"]
[PlyCount "65"]
[EventDate "2018.09.25"]
[EventType "tourn"]
[EventRounds "9"]
[EventCountry "ESP"]
[SourceTitle "EXT 2020"]
[Source "ChessBase"]
[SourceDate "2019.10.17"]
[SourceVersion "1"]
[SourceVersionDate "2019.10.17"]
[SourceQuality "1"]

1. b3 Nf6 2. Bb2 g6 3. Nf3 Bg7 4. d4 0-0 5. g3 b6 6. Bg2 Bb7 7. 0-0 c5 8. e3 d6 9. c4 Nbd7 10. Nc3 Ne4 11. Qc2 Nxc3 12. Bxc3 Rc8 13. d5 Bxc3 14. Qxc3 b5 15. e4 Ba6 16. Rfe1 Rb8 17. cxb5 Bxb5 18. e5 dxe5 19. Nxe5 Nxe5 20. Rxe5 Qd6 21. Rae1 Rfe8 22. h4 c4 23. bxc4 Rbc8 24. Bf1 Rc5 25. h5 Qc7 26. R5e4 Ba6 27. hxg6 fxg6 28. Qd4 e5 29. Rxe5 Rxe5 30. Rxe5 Kf8 31. Qe3 Bxc4 32. Re8+ Kf7 33. Qe6+ 1-0

[Event "Wch U18"]
[Site "Porto Carras"]
[Date "2018.10.29"]
[Round "10.31"]
[White "Le, Minh Hoang"]
[Black "Rovira Vila, Jaume"]
[Result "1-0"]
[WhiteElo "2271"]
[BlackElo "2156"]
[PlyCount "33"]
[EventDate "2018.10.20"]
[EventType "swiss"]
[EventRounds "11"]
[EventCountry "GRE"]
[SourceTitle "CBM 187 Extra"]
[Source "ChessBase"]
[SourceDate "2018.11.04"]
[SourceVersion "1"]
[SourceVersionDate "2018.11.04"]
[SourceQuality "1"]

1. Nf3 c5 2. c4 Nc6 3. Nc3 g6 4. e3 Nf6 5. d4 cxd4 6. exd4 d5 7. Bg5 Ne4 8. cxd5 Nxc3 9. bxc3 Qxd5 10. Qb3 Qe4+ 11. Be3 Bg7 12. Qxf7+ Kxf7 13. Ng5+ Ke8 14. Nxe4 e5 15. d5 Ne7 16. Bb5+ Kf8 17. Bc5 1-0

[Event "Girona Tardor Tancat"]
[Site "Girona"]
[Date "2017.10.24"]
[Round "4"]
[White "Clot Chico, Arnau"]
[Black "Rovira Vila, Jaume"]
[Result "0-1"]
[WhiteElo "2133"]
[BlackElo "2133"]
[PlyCount "124"]
[EventDate "2017.09.26"]
[EventType "tourn"]
[EventRounds "9"]
[EventCountry "ESP"]
[SourceTitle "EXT 2019"]
[Source "ChessBase"]
[SourceDate "2018.10.10"]
[SourceVersion "1"]
[SourceVersionDate "2018.10.10"]
[SourceQuality "1"]

1. c4 c5 2. g3 g6 3. Bg2 Bg7 4. Nc3 Nc6 5. e3 d6 6. Nge2 e5 7. 0-0 Nge7 8. a3 0-0 9. Rb1 a5 10. Nb5 Be6 11. b3 d5 12. Qc2 Rc8 13. d3 d4 14. exd4 exd4 15. Bg5 Qd7 16. Nf4 Bf5 17. Nd5 Nxd5 18. Bxd5 Ne5 19. Rbd1 Bh3 20. Bg2 Bxg2 21. Kxg2 Qg4 22. Bf4 Nf3 23. h3 Nh4+ 24. Kh2 Nf3+ 25. Kg2 Nh4+ 26. Kh2 Qf3 27. Rg1 Rfe8 28. Rd2 Re1 29. gxh4 Qxf4+ 30. Kg2 Rce8 31. Rxe1 Rxe1 32. Re2 Rxe2 33. Qxe2 Be5 34. Qg4 Qh2+ 35. Kf1 f5 36. Qf3 Qf4 37. Qxf4 Bxf4 38. Na7 Kf7 39. Kg2 Bb8 40. Nb5 Be5 41. a4 Kg7 42. Na3 Kh6 43. Nc2 Kh5 44. Ne1 Bf6 45. Nf3 Bxh4 46. Ne5 Be7 47. Nd7 Kh6 48. Nb6 Kg7 49. Nd5 Kf7 50. f4 Bd8 51. Kf3 Kg7 52. Kg2 Kh6 53. Kf3 Kh5 54. Kg3 h6 55. Kf3 Kh4 56. Kg2 g5 57. fxg5 hxg5 58. Kh2 f4 59. Kg2 b6 60. Kh2 f3 61. Kg1 Kxh3 62. Kf2 Kg4 0-1

[Event "Barcelona Sants op 19th"]
[Site "Barcelona"]
[Date "2017.08.18"]
[Round "1"]
[White "Rovira Vila, Jaume"]
[Black "Garriga Cazorla, Pere"]
[Result "0-1"]
[WhiteElo "2038"]
[BlackElo "2405"]
[PlyCount "104"]
[EventDate "2017.08.18"]
[EventType "swiss"]
[EventRounds "10"]
[EventCountry "ESP"]
[SourceTitle "CBM 180 Extra"]
[Source "ChessBase"]
[SourceDate "2017.10.06"]
[SourceVersion "1"]
[SourceVersionDate "2017.10.06"]
[SourceQuality "1"]

1. e4 e5 2. Nc3 Nf6 3. Nf3 Nc6 4. d4 exd4 5. Nxd4 Bb4 6. Nxc6 bxc6 7. Bd3 0-0 8. 0-0 d5 9. exd5 cxd5 10. Bg5 c6 11. Qf3 Bd6 12. h3 h6 13. Bxf6 Qxf6 14. Qxf6 gxf6 15. Na4 Rb8 16. b3 Be6 17. Rab1 Rfd8 18. Nb2 Be5 19. Nd1 a5 20. Ne3 Kf8 21. Nf5 h5 22. f4 Bc7 23. Ng3 h4 24. Nf5 Bxf5 25. Bxf5 Rb4 26. Bd3 Rxf4 27. Rxf4 Bxf4 28. Re1 Be5 29. a4 Ke7 30. Kf1 Kd6 31. Ke2 Rg8 32. Kf1 Kc5 33. Re2 Kb4 34. Ke1 Kc3 35. Kd1 Rg3 36. Rf2 Rg8 37. Bf1 Kb4 38. Rf5 Rh8 39. Be2 c5 40. Rh5 Re8 41. Rxh4+ Kc3 42. Rh7 Re7 43. Rh8 c4 44. Rc8 Bc7 45. bxc4 dxc4 46. Rg8 f5 47. Rg5 Rd7+ 48. Ke1 Rd4 49. Rxf5 Bg3+ 50. Kf1 Kxc2 51. Rxa5 c3 52. Rg5 Kd2 0-1

[Event "Sant Gregori Ajuntament op 2nd"]
[Site "Sant Gregori"]
[Date "2017.07.08"]
[Round "7.3"]
[White "Foix Breto, Antoni"]
[Black "Rovira Vila, Jaume"]
[Result "1/2-1/2"]
[WhiteElo "1876"]
[BlackElo "2103"]
[PlyCount "167"]
[EventDate "2017.07.03"]
[EventType "swiss"]
[EventRounds "7"]
[EventCountry "ESP"]
[SourceTitle "EXT 2024"]
[Source "ChessBase"]
[SourceDate "2023.10.10"]
[SourceVersion "1"]
[SourceVersionDate "2023.10.10"]
[SourceQuality "1"]

1. e4 c5 2. Nf3 Nc6 3. d4 cxd4 4. Nxd4 g6 5. Nc3 Bg7 6. Be3 Nf6 7. f3 0-0 8. Qd2 d5 9. Nxc6 bxc6 10. 0-0-0 Qc7 11. exd5 cxd5 12. Bh6 Be6 13. Bxg7 Kxg7 14. Qd4 Rfc8 15. Bb5 a6 16. Ba4 Rab8 17. Bb3 Kg8 18. Rd2 Qb7 19. Re1 a5 20. Na4 Qc6 21. Re3 Rb4 22. Rc3 Qb5 23. Rxc8+ Bxc8 24. Qc3 Be6 25. Qc5 Qf1+ 26. Rd1 Qxg2 27. Qxe7 Qg5+ 28. Kb1 Rd4 29. Qd8+ Kg7 30. Rc1 Ne4 31. Qxg5 Nxg5 32. c3 Rd2 33. f4 Nh3 34. Rc2 Bf5 35. Kc1 Rxc2+ 36. Bxc2 Bxc2 37. Kxc2 Nxf4 38. Nb6 Kf6 39. b4 axb4 40. cxb4 Ke6 41. a4 Kd6 42. Kd2 Kc6 43. Nc8 Kd7 44. Nb6+ Kc7 45. a5 d4 46. Nc4 f5 47. b5 Kb7 48. Nd6+ Ka7 49. Nc8+ Kb7 50. Nd6+ Ka7 51. Nc8+ Kb8 52. Nd6 h5 53. b6 h4 54. a6 Nd5 55. b7 Nb4 56. Nb5 Nxa6 57. Nxd4 Kxb7 58. Nf3 h3 59. Ng5 Nc7 60. Nxh3 Nd5 61. Ke2 Kc6 62. Kf3 Kd6 63. Ng5 Ke5 64. h4 Kf6 65. Nh3 Kg7 66. Ng5 Kh6 67. Ne6 Kh5 68. Kg3 Nc3 69. Ng7+ Kh6 70. Ne6 Ne4+ 71. Kh3 Kh7 72. Nf4 Kg7 73. Ne6+ Kf6 74. Nf4 Nd6 75. Kg3 Nf7 76. Nh3 Ne5 77. Kf4 Nc6 78. Ng5 Ne7 79. Nh7+ Ke6 80. Ng5+ Kd5 81. Nf3 Nc6 82. h5 gxh5 83. Kxf5 Ne7+ 84. Kg5 1/2-1/2

[Event "Catalunya-ch U18"]
[Site "Girona"]
[Date "2017.01.21"]
[Round "3.2"]
[White "Rovira Vila, Jaume"]
[Black "Serra Canals, Oriol"]
[Result "1/2-1/2"]
[WhiteElo "2063"]
[BlackElo "2210"]
[PlyCount "45"]
[EventDate "2017.01.17"]
[EventType "swiss"]
[EventRounds "7"]
[EventCountry "ESP"]
[SourceTitle "EXT 2024"]
[Source "ChessBase"]
[SourceDate "2023.10.10"]
[SourceVersion "1"]
[SourceVersionDate "2023.10.10"]
[SourceQuality "1"]

1. e4 e6 2. d4 d5 3. Bd3 dxe4 4. Bxe4 Nf6 5. Bf3 c5 6. Ne2 Nc6 7. Be3 Be7 8. Nbc3 0-0 9. 0-0 cxd4 10. Nxd4 Ne5 11. Qe2 Nxf3+ 12. Qxf3 a6 13. Rfd1 Qc7 14. a4 Bd7 15. Bg5 Rfd8 16. Ne4 Nd5 17. Bxe7 Nxe7 18. Qg3 Qxg3 19. hxg3 Nc6 20. Nc5 Be8 21. Nxc6 Bxc6 22. a5 Kf8 23. c4 1/2-1/2

[Event "Can Ninetes op 11th"]
[Site "Can Ninetes"]
[Date "2016.08.01"]
[Round "5"]
[White "Delgado Rus, Juan Antonio"]
[Black "Rovira Vila, Jaume"]
[Result "0-1"]
[WhiteElo "1694"]
[BlackElo "1951"]
[PlyCount "114"]
[EventDate "2016.08.01"]
[EventType "swiss"]
[EventRounds "9"]
[EventCountry "ESP"]
[SourceTitle "CBM 173 Extra"]
[Source "ChessBase"]
[SourceDate "2016.08.29"]
[SourceVersion "1"]
[SourceVersionDate "2016.08.29"]
[SourceQuality "1"]

1. c4 c5 2. Nc3 Nc6 3. e3 Nf6 4. g3 d5 5. cxd5 Nxd5 6. Bg2 e6 7. a3 Be7 8. Qh5 g6 9. Qf3 Nxc3 10. bxc3 Ne5 11. Qe4 Nd3+ 12. Ke2 Nxc1+ 13. Rxc1 a6 14. f4 0-0 15. Nf3 f5 16. Qc2 Bf6 17. h4 h5 18. Qb3 Qc7 19. c4 Bd7 20. Ng5 Bxg5 21. hxg5 Bc6 22. Rhg1 Rfd8 23. Qc3 Rf8 24. d3 Rae8 25. Qe5 Qxe5 26. fxe5 Bxg2 27. Rxg2 Rb8 28. Kf3 Rfd8 29. Rd2 b5 30. cxb5 Rxb5 31. Rc4 Kf7 32. Ke2 Rd5 33. d4 Ke7 34. Rdc2 cxd4 35. exd4 Rb3 36. Rc8 Rxg3 37. Rh8 Rg2+ 38. Kd3 Rxc2 39. Rh7+ Kf8 40. Kxc2 Rxd4 41. Ra7 Rd5 42. Rxa6 Rxe5 43. a4 Ke7 44. Ra7+ Kd6 45. a5 f4 46. a6 Rxg5 47. Kd3 Ra5 48. Ra8 g5 49. Ke4 Ra4+ 50. Kf3 g4+ 51. Kg2 Kc6 52. a7 Ra6 53. Re8 Rxa7 54. Rxe6+ Kd5 55. Rh6 Ra2+ 56. Kf1 Ke4 57. Rxh5 Kf3 0-1

[Event "Can Ninetes op 11th"]
[Site "Can Ninetes"]
[Date "2016.08.01"]
[Round "1"]
[White "Herce Carrera, Javier"]
[Black "Rovira Vila, Jaume"]
[Result "0-1"]
[WhiteElo "1377"]
[BlackElo "1951"]
[PlyCount "37"]
[EventDate "2016.08.01"]
[EventType "swiss"]
[EventRounds "9"]
[EventCountry "ESP"]
[SourceTitle "CBM 173 Extra"]
[Source "ChessBase"]
[SourceDate "2016.08.29"]
[SourceVersion "1"]
[SourceVersionDate "2016.08.29"]
[SourceQuality "1"]

1. e4 c5 2. Nf3 g6 3. Nc3 Bg7 4. b3 Nc6 5. Bb2 d6 6. d3 Bg4 7. h3 Bxf3 8. Qxf3 Qa5 9. Kd2 Nd4 10. Qe3 Nb5 11. Rb1 Bxc3+ 12. Kd1 Bxb2 13. Rxb2 Nc3+ 14. Kc1 Nxa2+ 15. Rxa2 Qxa2 16. Kd2 Qa5+ 17. Ke2 Qc3 18. Qd2 Qxd2+ 19. Kxd2 0-1

[Event "Can Ninetes op 11th"]
[Site "Can Ninetes"]
[Date "2016.08.01"]
[Round "6"]
[White "Rovira Vila, Jaume"]
[Black "Ilenko, Aleksei"]
[Result "1/2-1/2"]
[WhiteElo "1951"]
[BlackElo "2095"]
[PlyCount "45"]
[EventDate "2016.08.01"]
[EventType "swiss"]
[EventRounds "9"]
[EventCountry "ESP"]
[SourceTitle "CBM 173 Extra"]
[Source "ChessBase"]
[SourceDate "2016.08.29"]
[SourceVersion "1"]
[SourceVersionDate "2016.08.29"]
[SourceQuality "1"]

1. e4 c5 2. Nc3 Nc6 3. Bb5 g6 4. Bxc6 dxc6 5. d3 Bg7 6. Be3 b6 7. Qd2 e5 8. Nge2 Nf6 9. h3 Ba6 10. b3 0-0 11. 0-0 Ne8 12. Bh6 Nc7 13. Kh1 Ne6 14. Bxg7 Kxg7 15. f4 exf4 16. Nxf4 Bc8 17. Nce2 Qe7 18. Ng3 Nxf4 19. Qxf4 f6 20. Rae1 Qe5 21. Qxe5 fxe5 22. Rxf8 Kxf8 23. Nf1 1/2-1/2

[Event "Can Ninetes op 11th"]
[Site "Can Ninetes"]
[Date "2016.08.01"]
[Round "2"]
[White "Rovira Vila, Jaume"]
[Black "Vazquez Montreal, Enric"]
[Result "1/2-1/2"]
[WhiteElo "1951"]
[BlackElo "1628"]
[PlyCount "47"]
[EventDate "2016.08.01"]
[EventType "swiss"]
[EventRounds "9"]
[EventCountry "ESP"]
[SourceTitle "CBM 173 Extra"]
[Source "ChessBase"]
[SourceDate "2016.08.29"]
[SourceVersion "1"]
[SourceVersionDate "2016.08.29"]
[SourceQuality "1"]

1. e4 e6 2. d4 d5 3. Bd3 dxe4 4. Bxe4 Nf6 5. Bf3 Be7 6. Ne2 c6 7. 0-0 Nbd7 8. Bf4 0-0 9. c4 Re8 10. Nbc3 Bf8 11. Ne4 Nxe4 12. Bxe4 Nf6 13. Bc2 Bd6 14. Bg5 Bxh2+ 15. Kh1 Bd6 16. Qd3 g6 17. Ng3 Be7 18. Rae1 Kg7 19. Bf4 Bd6 20. Bg5 Be7 21. Qd2 Ng8 22. Be3 Bd6 23. Bg5 Be7 24. Be3 1/2-1/2